000
00408nam a2200145Ia 4500
008
100122s9999 xx 000 0 und d
082
_b
57498
_a
822
100
_a
पाटील विश्वास
245
_a
रणांगण
260
_b
मॅजेस्टिक प्रकाशन
_c
1999
300
_a
91
630
_a
रणांगण
730
_a
रणांगण
942
_c
BOOK
999
_c
433687
_d
433684